Study in language and meaning: A critical examination of some aspects of Indian semantics (Record no. 54262)

MARC details
000 -LEADER
fixed length control field 00437nam a2200145Ia 4500
008 - FIXED-LENGTH DATA ELEMENTS--GENERAL INFORMATION
fixed length control field 230917s9999||||xx |||||||||||||| ||und||
040 ## - CATALOGING SOURCE
-- 44124
Original cataloging agency VIVEKANANDA LIBRARY
041 ## - Language
-- English
082 ## - DDC NUMBER
Classification number 491.22 B469S
100 ## - MAIN ENTRY--PERSONAL NAME
Personal name Bhattacharya, Bishnupada
245 #0 - TITLE STATEMENT
Title Study in language and meaning: A critical examination of some aspects of Indian semantics
260 ## - PUBLICATION, DISTRIBUTION, ETC. (IMPRINT)
Place of publication, distribution, etc Calcutta
Name of publisher, distributor, etc Sanskrit Pustak Bhandar
Date of publication, distribution, etc 1984
300 ## - PHYSICAL DESCRIPTION
Pages x, 165 p.
942 ## - ADDED ENTRY ELEMENTS (KOHA)
Koha item type Books
Holdings
Withdrawn status Lost status Damaged status Not for loan Location (home branch) Sublocation or collection (holding branch) Date acquired Koha issues (times borrowed) Koha full call number Accession No. Koha date last seen Koha item type
        VIVEKANANDA LIBRARY VIVEKANANDA LIBRARY 20/11/2002   491.22 B469S 123810 17/09/2023 Books
© Designed and Maintained by Vivekananda Library, MDU Rohtak